000 00785nam a2200289Ia 4500
005 20260324112855.0
008 008 260324s9999 xx 000 0 eng d
020 _a9781003303312
037 _aEBOOK
040 _aCRL
040 _beng
040 _cCRL
041 _2eng
041 _aeng
084 _qCRL
100 _aDavid Lynch; David Spendlove; Barnett Berry; Jake Madden; Richard Smith; David Turner; Megan Lee
_91144490
245 4 _aThe Teaching Improvement Agenda
245 0 _bWhat Matters and How Teaching Excellence Is Achieved
260 _bTaylor and Francis
260 _c2024
365 _a
365 _b240
856 _uhttp://www.taylorfrancis.com/books/9781003303312
942 _cEBOOK
999 _c1733867
_d1733867